000 01792nam0a2200349 4500
001 RU\NLR\bibl\360324
005 20260407082124.0
010 _a5-93255-061-9
_92000
035 _a(NLR Aleph) 000354941
090 _a299395
_c299395
100 _a20030129d2001 |||y0rusy50 ca
101 1 _arus
_ceng
102 _aRU
105 _aa |||||||||
200 1 _aАгропродовольственный сектор России
_dRussia's Agro-Food Sector
_eНа пути к рынку
_e[Докл. конф.
_eПер. с англ.]
_fПод ред. Питера Верхайма и др.
_zeng
210 _aМ.
_cИЭПП
_d2001
215 _a549, [2] с.
_cил.
_d24
300 _aВ надзаг.: Аналит. центр агропрод. экономики Ин-та экономики переход. периода
320 _aБиблиогр. в конце ст. и в подстроч. прим.
510 0 _aRussia's Agro-Food Sector
_zeng
606 0 _aАгропромышленные комплексы
_xЭкономические реформы
_yРоссийская Федерация
_92250508
_3RU\NLR\auth\661349924
606 0 _aСельскохозяйственные продукты
_xТорговля
_yРоссийская Федерация
_92180772
_3RU\NLR\auth\661311453
686 _aУ32(2)-434(2Р)
686 _aУ42(2)152.49
702 1 _aВерхайм
_bП.
_gПитер
_4340
712 0 2 _4570
_aАналитический центр агропродовольственной экономики
_cМосква
_3RU\NLR\AUTH\8810042754
_9584956
801 0 _aRU
_bNLR
_c20030129
_gPSBO
801 1 _aRU
_bNLR
_c20030129
942 _cBOOK
980 _aNB